Essentials of management; (Record no. 2429)

MARC details
000 -LEADER
fixed length control field 00518nam a22001937a 4500
003 - CONTROL NUMBER IDENTIFIER
control field OSt
005 - DATE AND TIME OF LATEST TRANSACTION
control field 20151105124411.0
008 - FIXED-LENGTH DATA ELEMENTS--GENERAL INFORMATION
fixed length control field 151105b xxu||||| |||| 00| 0 eng d
020 ## - INTERNATIONAL STANDARD BOOK NUMBER
International Standard Book Number 0071007768;
040 ## - CATALOGING SOURCE
Transcribing agency DDC
082 ## - DEWEY DECIMAL CLASSIFICATION NUMBER
Edition number 5th ed
Classification number 658.4;
Item number .COO, 1990;
100 ## - MAIN ENTRY--PERSONAL NAME
Personal name KOONTS, HAROLD;WEIHRICH HEINZ;
9 (RLIN) 5996
245 ## - TITLE STATEMENT
Title Essentials of management;
260 ## - PUBLICATION, DISTRIBUTION, ETC. (IMPRINT)
Place of publication, distribution, etc. New York;
Name of publisher, distributor, etc. McGraw-Hill;
Date of publication, distribution, etc. 1990;
300 ## - PHYSICAL DESCRIPTION
Extent xxv,530p;
Other physical details ill;
Dimensions 32cm;
504 ## - BIBLIOGRAPHY, ETC. NOTE
Bibliography, etc includes index;<br/>
650 ## - SUBJECT ADDED ENTRY--TOPICAL TERM
Topical term or geographic name as entry element Management;
9 (RLIN) 364
942 ## - ADDED ENTRY ELEMENTS (KOHA)
Source of classification or shelving scheme Dewey Decimal Classification
Koha item type Short Loan
Holdings
Withdrawn status Lost status Source of classification or shelving scheme Damaged status Not for loan Home library Current library Date acquired Inventory number Total Checkouts Full call number Date last seen Price effective from Koha item type Barcode
    Dewey Decimal Classification     MUST Main Library MUST Main Library 05/11/2015 2001/15333;   658.4; .COO, 1990; 05/11/2015 05/11/2015 Short Loan  
    Dewey Decimal Classification     MUST Main Library MUST Main Library 05/11/2015 2001/15333;   658.4; .COO, 1990; 05/11/2015 05/11/2015 Short Loan 2015-2446